Butterfly meadow (Record no. 65)

MARC details
000 -LEADER
fixed length control field 00896nam a22002777a 4500
001 - CONTROL NUMBER
control field 65
003 - CONTROL NUMBER IDENTIFIER
control field FISKH
005 - DATE AND TIME OF LATEST TRANSACTION
control field 20230221110255.0
008 - FIXED-LENGTH DATA ELEMENTS--GENERAL INFORMATION
fixed length control field 230221b cb ||||| |||| 00| 0 eng d
020 ## - INTERNATIONAL STANDARD BOOK NUMBER
International Standard Book Number 9780545054584
040 ## - CATALOGING SOURCE
Transcribing agency FISKH
050 ## - LIBRARY OF CONGRESS CALL NUMBER
Classification number PZ7
082 ## - DEWEY DECIMAL CLASSIFICATION NUMBER
Classification number 823.92
100 ## - MAIN ENTRY--PERSONAL NAME
Personal name Moss, Olivia
245 ## - TITLE STATEMENT
Title Butterfly meadow
Remainder of title Three cheers for mallow!
Statement of responsibility, etc. by Olivia Moss
260 ## - PUBLICATION, DISTRIBUTION, ETC.
Place of publication, distribution, etc. New York
Name of publisher, distributor, etc. Scholastic
Date of publication, distribution, etc. 2008
300 ## - PHYSICAL DESCRIPTION
Extent 66 p.
Dimensions 20 cm.
490 ## - SERIES STATEMENT
Series statement Butterfly Meadow
Volume/sequential designation v. 3
520 ## - SUMMARY, ETC.
Summary, etc. Mallow is organizing a sports day in the field. All of the different insects and animals are going to participate! Dazzle is happy to cheer on her friends. But when one of the butterflies can't compete, can Dazzle
521 8# - TARGET AUDIENCE NOTE
Target audience note 580
Source Lexile
521 8# - TARGET AUDIENCE NOTE
Target audience note K
Source Raz-Plus
650 ## - SUBJECT ADDED ENTRY--TOPICAL TERM
Topical term or geographic name entry element Butterflies
650 ## - SUBJECT ADDED ENTRY--TOPICAL TERM
Topical term or geographic name entry element Sports stories
650 ## - SUBJECT ADDED ENTRY--TOPICAL TERM
Topical term or geographic name entry element Butterflies juvenile fiction
942 ## - ADDED ENTRY ELEMENTS (KOHA)
Source of classification or shelving scheme Dewey Decimal Classification
Koha item type Books
Suppress in OPAC No
Holdings
Withdrawn status Lost status Source of classification or shelving scheme Damaged status Not for loan Collection Home library Current library Shelving location Date acquired Total Checkouts Full call number Barcode Date last seen Date last checked out Price effective from Koha item type
    Dewey Decimal Classification     Juvenile Fiction Footprints International School Library Network Toul Kork Campus Footprints International School Library Network Toul Kork Campus TK Primary Library Room(4th Floor), Bookcase 3&4, Shelves 17-32, Yellow Books 02/21/2023 3 MOS 823.92 FISTK00207 03/22/2024 02/02/2024 02/21/2023 Books